| 000 | 00397nam a2200145 i 4500 | ||
|---|---|---|---|
| 001 | bg | ||
| 100 | 1 | _aSITKEVIC, M.V. | |
| 245 | 0 |
_aSovmescennye processy chimiko-termiceskoj obrabotki s ispol'zovaniem obmazok / _cM.V.Sitkevic,E.I.Bel'skij. |
|
| 260 |
_aMinsk, _c1987. |
||
| 700 | 1 | _aBEL'SKIJ, E.I. | |
| 040 | _cBPK | ||
| 041 | _apol | ||
| 942 | _cKS | ||
| 008 | s pl f |000 0 pol | ||
| 999 |
_c23981 _d23981 |
||